| 000 | 00997nam a22002897a 4500 | ||
|---|---|---|---|
| 001 | 4860 | ||
| 003 | FISKH | ||
| 005 | 20241018120824.0 | ||
| 008 | 241018b cb ||||| |||| 00| 0 eng d | ||
| 020 | _a9781575052274 | ||
| 040 |
_aFISKH _beng _cFISKH _dFISKH |
||
| 050 | _aLC214.L56 | ||
| 082 | _a379.2 | ||
| 100 |
_aLucas, Eileen _d(1956-) |
||
| 245 |
_aCracking the wall the struggles of the little rock nine / _cby Eileen Lucas illustrated by Mark Anthony |
||
| 250 | _aThis book is available in 1997 | ||
| 260 |
_aNorth Minneapolis : _bMillbrook, _c1997. |
||
| 300 |
_a48 pages : _bColor illustrations ; _c22 cm |
||
| 505 | _aN | ||
| 520 | _aA brief introduction to the nine African-American students who integrated Central High School in Little Rock, Arkansas, in 1957. | ||
| 521 | 8 |
_a540L
_bLexile |
|
| 521 | 8 |
_aN
_bRaz-Plus |
|
| 650 |
_2Lower Grammar _aLittle Rock Nine |
||
| 650 |
_2Non-fiction _aBlack history |
||
| 700 |
_aAnthony, Mark _dIllustrator |
||
| 942 |
_2ddc _cBK _n0 |
||
| 999 |
_c4860 _d4860 |
||